000 00414nam a2200181Ia 4500
001 10401
005 20260306161829.0
008 260306t1983||||xx |||||||||||||| ||spa||
041 _aESP
082 _a923.146
_bF39
100 _aFernández, Carlos
_eAUT
245 0 _aEl general Franco
260 _c1983
300 _a339 páginas :
_c21cm.
650 _aGEN
654 _aCHU
942 _cLIB
_dJUS
_fJUS
_2ddc
_n
999 _c10401
_d10401